00761 2200229 4500001002100000005001700021008004100038035002400079082001200103090002300115100002100138245016500159260002800324300003200352500005900384500003200443650001700475850000900492985000600501986000900507999001500516YOGYA-0209000007246320090227093627.0 ind  0010-020900000072463 a297.421 a297.421bMut AlSK aMUTTAQIN, Zaenal aAktivitas dakwah islamiyah pondok pesantren Krapyak Yayasan Ali Maksum pada masyarakat desa Panggungharjo,Kecamatan Sewon,Kabupaten Bantulcoleh Zaenal Muttaqin aYogyakartab[s.n]c1997 ax,100[21]lembarbilusc30cm aSkripsi Fakultas Dakwah IAIN Sunan Kalijaga Yogyakarta aBibliografi:lembar[101-102] aDakwah Islam aBPAD a1 aHeru a08A0036495